[Event "Leca da Palmeira 2nd"]
[Site "Leca da Palmeira"]
[Date "2023.08.03"]
[Round "5"]
[White "Perez Candelario, Manuel"]
[Black "Visakh, Narayanan Rajeswari"]
[Result "1/2-1/2"]
[WhiteElo "2573"]
[BlackElo "2536"]
[PlyCount "97"]
[EventDate "2023.07.31"]
[EventType "swiss"]
[EventRounds "9"]
[EventCountry "POR"]
[SourceTitle "CBM 215 Extra"]
[Source "ChessBase"]
[SourceDate "2023.09.30"]
[SourceVersion "1"]
[SourceVersionDate "2023.09.30"]
[SourceQuality "1"]

1. e4 e5 2. Nf3 Nc6 3. Bb5 Nf6 4. d3 Bc5 5. Bxc6 dxc6 6. Nbd2 Be6 7. 0-0 Nd7 8. c3 Bd6 9. Nc4 Bxc4 10. dxc4 a5 11. Bg5 f6 12. Be3 Qe7 13. Nh4 g6 14. Qg4 0-0-0 15. a3 a4 16. Qd1 Bc5 17. Qxa4 Bxe3 18. fxe3 Qc5 19. Rae1 Nb6 20. Qb4 Qxb4 21. axb4 Nxc4 22. Rxf6 Nxb2 23. Nf3 Rhe8 24. h4 Re7 25. Ra1 Kb8 26. Ra5 Nc4 27. Rc5 Nxe3 28. Rxe5 Rd1+ 29. Kf2 Ng4+ 30. Ke2 Nxe5 31. Kxd1 Ng4 32. Rf8+ Ka7 33. Kd2 Rxe4 34. Rf7 Ne3 35. Rxc7 h5 36. Kd3 Re8 37. Rg7 Nxg2 38. Kd4 Rf8 39. Ne5 Nxh4 40. Nxc6+ Kb6 41. Ne7 Nf5+ 42. Nxf5 gxf5 43. Rg6+ Kb5 44. c4+ Ka4 45. Kc3 Re8 46. Rg7 Re3+ 47. Kd4 Re4+ 48. Kc3 Re3+ 49. Kd4 1/2-1/2

[Event "Pontevedra op 11th"]
[Site "Pontevedra"]
[Date "2023.07.27"]
[Round "5"]
[White "Krishna, C Revanth Gopala"]
[Black "Visakh, Narayanan Rajeswari"]
[Result "1-0"]
[WhiteElo "2409"]
[BlackElo "2536"]
[PlyCount "93"]
[EventDate "2023.07.24"]
[EventType "swiss"]
[EventRounds "9"]
[EventCountry "ESP"]
[SourceTitle "CBM 215 Extra"]
[Source "ChessBase"]
[SourceDate "2023.09.30"]
[SourceVersion "1"]
[SourceVersionDate "2023.09.30"]
[SourceQuality "1"]

1. Nf3 Nf6 2. c4 e6 3. e3 d5 4. b3 b6 5. cxd5 exd5 6. Bb2 Bd6 7. Qc2 a6 8. Nc3 Bb7 9. Bd3 Nbd7 10. Ne2 c5 11. Bf5 Qe7 12. Ng3 Ne5 13. Nxe5 Bxe5 14. 0-0 Bxb2 15. Qxb2 g6 16. Bh3 0-0 17. d4 h5 18. Rac1 Nh7 19. Ne2 Ng5 20. Nf4 Rfe8 21. Rfd1 Rad8 22. Qc2 Qf6 23. dxc5 bxc5 24. Qxc5 d4 25. Rxd4 Rxd4 26. Qxd4 Qxd4 27. exd4 Re4 28. Bc8 Bxc8 29. Rxc8+ Kg7 30. h4 Nh7 31. g3 Rxd4 32. Rc6 Nf6 33. Rxa6 Ng4 34. Rxg6+ Kf8 35. Ra6 Rd2 36. Nh3 Rd5 37. Ra8+ Ke7 38. a4 Rd1+ 39. Kg2 Rd2 40. a5 Rb2 41. Rb8 Ra2 42. b4 f5 43. Rb6 Ne3+ 44. Kf3 Nd5 45. Rb5 Kd6 46. Nf4 Ra3+ 47. Kg2 1-0